Gaming Quiz

Random Gaming Quiz

CSGO AUG Skins Quiz Stats

 Plays Quiz not verified by Sporcle

Support Sporcle.
Go Orange.
Score 0/19 Timer 10:00
0 Plays Today
Category Name % Correct
Covert RifleChameleon
85.8%
DefaultAUG
68.1%
Covert RifleAkihabara Accept
64.5%
Restricted RifleTorque
63.1%
Classified RifleBengal Tiger
58.2%
Consumer Grade RifleStorm
57.4%
Classified RifleSyd Mead
53.4%
Mil-Spec RifleWings
52.5%
Classified RifleFleet Flock
51.8%
Mil-Spec RifleRicochet
48.9%
Category Name % Correct
Mil-Spec RifleHot Rod
48.9%
Industrial Grade RifleRadiation Hazard
47.5%
Consumer Grade RifleContractor
46.1%
Restricted RifleAristocrat
44.6%
Mil-Spec RifleAnodized Navy
43.3%
Industrial Grade RifleCondemned
39.7%
Consumer Grade RifleColony
39%
Consumer Grade RifleDaedalus
36.2%
Mil-Spec RifleCopperhead
32.6%

You're not logged in!

Compare scores with friends on all Sporcle quizzes.
OR
Log In

From the Vault

Alphabetized Literature Blanks

by SporcleEXP

We don't recommend reading these books in alphabetical order. That would just be confusing.
Remove Ads.
Support Sporcle.
Get the best of Sporcle when you Go Orange. This ad-free experience offers more features, more stats, and more fun while also helping to support Sporcle. Thank you for becoming a member.

Show Comments

Extras

Created Feb 1, 2016ReportNominate
Tags:Category, omg, skin

Top Quizzes Today


Score Distribution

Your Account Isn't Verified!

In order to create a playlist on Sporcle, you need to verify the email address you used during registration. Go to your Sporcle Settings to finish the process.

Report this User

Report this user for behavior that violates our Community Guidelines.

Details: